000 00642cam a2200241 4500
001 L155577
008 000000n1985 000 0 eng u
020 _a0900417161
035 _a(Sirsi) u155577
041 _aeng
050 _a692.5
245 _aGriffiths complete building price book 1985/6
250 _a32nd ed.
260 _aBournemouth
_bGlenigan Cost Information Services
_c1985
300 _a720p
350 _a85
650 _aBUILT ENVIRONMENT-BUILDING COSTS
650 _aESTIMATING
650 _aBUILDING PRICE BOOKS
651 4 _aENGLAND AND WALES
690 _aBUILT ENVIRONMENT-BUILDING COSTS
942 _n0
999 _c113675
_d113675